000 00907nam a22002417a 4500
005 20240530110401.0
008 150120s2009 le o a e 000 0 ara d
020 _a9789953281289
040 _aEG-CaGPL
041 1 _aara
_hfre
082 0 4 _221
_a703
_bط/ ع م
100 1 _aفوندويل ، انياس
245 1 0 _aموسوعة الفنون الجميلة :
_bالهندسة المعمارية /
_cانياس فوندويل ؛ تعر يب انطوان ا. الهاشم
250 _aط1
260 _aبيروت :
_bدار عويدات للنشر و الطباعة ،
_c2009
300 _a25 ص :
_bصور لو ؛
_c30 سم
650 0 4 _aكتب الاطفال
650 0 4 _aثقافة الطفل
650 0 4 _aالهندسة المعمارية
_vدوائر معارف
700 _aانطوان ا. الهاشم
_eمترجم
942 _2ddc
_cBK
999 _c60272
_d60272